La representación social sobre organización de mujeres en la autoconstrucción de su vivienda /
El presente artículo da a conocer experiencias y vivencias de mujeres que autoconstruyen su vivienda, y su relación con sus representaciones sociales sobre organización, vinculadas a procesos de socialización.
Wedi'i Gadw mewn:
| Prif Awdur: | |
|---|---|
| Fformat: | Texto |
| Pynciau: | |
| Tagiau: |
Ychwanegu Tag
Dim Tagiau, Byddwch y cyntaf i dagio'r cofnod hwn!
|
MARC
| LEADER | 00000 a a2200000 04500 | ||
|---|---|---|---|
| 001 | 41333 | ||
| 003 | |||
| 040 | |||
| 100 | |a Hernández Sánchez, Sonia | ||
| 245 | |a La representación social sobre organización de mujeres en la autoconstrucción de su vivienda / |c Sonia Hernández Sánchez | ||
| 520 | |a El presente artículo da a conocer experiencias y vivencias de mujeres que autoconstruyen su vivienda, y su relación con sus representaciones sociales sobre organización, vinculadas a procesos de socialización. | ||
| 590 | |a SJB/NOVIEMBRE2012 | ||
| 650 | |a 1.MUJERES | ||
| 650 | |a 2.COSTRUCCION DE VIVIENDAS | ||
| 650 | |a 3.ORGANIZACIONES FEMENINAS | ||
| 650 | |a 4.REPRESENTACION SOCIAL | ||
| 650 | |a 5.SOCIALIZACION | ||
| 650 | |a 6.EMPLEO | ||
| 650 | |a 7.PSICOLOGIA SOCIAL | ||
| 650 | |a 8.COSTA RICA | ||
| 773 | |g volumen6, número7 ( , 2006), páginas 51-58 | ||
| 999 | |c 33033 |d 33033 | ||
